[Event "World ol U16"]
[Site "Eindhoven"]
[Date "2023.08.15"]
[Round "4.21"]
[White "Ortiz Bogdanov, Pablo"]
[Black "Hu, Yifei"]
[Result "0-1"]
[WhiteElo "1501"]
[BlackElo "1920"]
[PlyCount "92"]
[EventDate "2023.08.13"]
[EventType "team-swiss"]
[EventRounds "9"]
[EventCountry "NED"]
[SourceTitle "CBM 215 Extra"]
[Source "ChessBase"]
[SourceDate "2023.09.30"]
[SourceVersion "1"]
[SourceVersionDate "2023.09.30"]
[SourceQuality "1"]
[WhiteTeam "Luxembourg"]
[BlackTeam "Australia"]
[WhiteTeamCountry "LUX"]
[BlackTeamCountry "AUS"]

1. e4 e6 2. d4 d5 3. e5 c5 4. c3 Nc6 5. Nf3 Bd7 6. Be2 Nge7 7. dxc5 Ng6 8. b4 Ncxe5 9. Nxe5 Nxe5 10. 0-0 Be7 11. f4 Nc6 12. Be3 a6 13. Nd2 Bf6 14. Qc2 d4 15. cxd4 Nxd4 16. Bxd4 Bxd4+ 17. Kh1 Bxa1 18. Rxa1 Bb5 19. Ne4 0-0 20. Bxb5 axb5 21. Nd6 Qd7 22. Qe2 Ra4 23. Rb1 Rfa8 24. Rb2 b6 25. h3 bxc5 26. bxc5 b4 27. Rc2 Qc6 28. Nb5 R4a5 29. Nd4 Qd5 30. Nb3 R5a7 31. Kh2 h6 32. Qf2 e5 33. Rd2 Qe4 34. fxe5 Qxe5+ 35. Kh1 Re7 36. Qf3 Rc8 37. Rd5 Qc7 38. Rd1 Rd8 39. Rxd8+ Qxd8 40. c6 Re1+ 41. Kh2 Qc7+ 42. g3 Re6 43. Nd4 Rd6 44. Nf5 Rd2+ 45. Kh1 Qe5 46. Qe3 Qd5+ 0-1

[Event "World ol U16"]
[Site "Eindhoven"]
[Date "2023.08.14"]
[Round "2.18"]
[White "Mwase, Mathew"]
[Black "Hu, Yifei"]
[Result "0-1"]
[WhiteElo "1676"]
[BlackElo "1920"]
[PlyCount "112"]
[EventDate "2023.08.13"]
[EventType "team-swiss"]
[EventRounds "9"]
[EventCountry "NED"]
[SourceTitle "CBM 215 Extra"]
[Source "ChessBase"]
[SourceDate "2023.09.30"]
[SourceVersion "1"]
[SourceVersionDate "2023.09.30"]
[SourceQuality "1"]
[WhiteTeam "Uganda II"]
[BlackTeam "Australia"]
[WhiteTeamCountry "UGA"]
[BlackTeamCountry "AUS"]

1. d4 e6 2. c4 b6 3. Nc3 Bb7 4. e4 Bb4 5. Qc2 Qh4 6. d5 exd5 7. exd5 Nf6 8. Bd2 0-0 9. Bd3 c6 10. Nge2 cxd5 11. Nxd5 Nxd5 12. cxd5 Rc8 13. Qb3 Bxd2+ 14. Kxd2 Qg5+ 15. f4 Qxd5 16. Qxd5 Bxd5 17. Rhg1 Bb7 18. Nc3 Na6 19. a3 Nc5 20. Bc2 d5 21. Rae1 d4 22. Ne4 Bxe4 23. Bxe4 Rab8 24. Bc2 a5 25. Re7 a4 26. Rge1 Ra8 27. Bf5 Rd8 28. Rc7 g6 29. Bd3 Ne6 30. Rb7 Rab8 31. Rxb8 Rxb8 32. f5 Nc5 33. fxg6 hxg6 34. Bb5 Kf8 35. Re5 Rd8 36. h4 d3 37. Bc4 Rd4 38. Bb5 Ne4+ 39. Kd1 d2 40. Re8+ Kg7 41. Rxe4 Rxe4 42. Kxd2 Rxh4 43. Kc3 Rg4 44. Bc6 Kf6 45. Bf3 Rf4 46. Kd3 Ke5 47. Bc6 f5 48. Ke3 Re4+ 49. Kd3 Rd4+ 50. Ke3 f4+ 51. Kf3 Rd3+ 52. Kg4 Rg3+ 53. Kh4 Kf5 54. Bf3 g5+ 55. Kh5 Rxf3 56. gxf3 b5 0-1